Apparati delle comunicazioni di massa (Gli) (Record n. 65184)

Dettagli MARC
000 -LEADER
fixed length control field 01254nam a2200301Ia 4500
001 - CONTROL NUMBER
control field 677
003 - CONTROL NUMBER IDENTIFIER
control field IT-RoPAU
008 - FIXED-LENGTH DATA ELEMENTS--GENERAL INFORMATION
fixed length control field 130308s9999 xx 000 0 und d
040 ## - CATALOGING SOURCE
Original cataloging agency IT-RoPAU
040 ## - CATALOGING SOURCE
Transcribing agency IT-RoPAU
041 ## - LANGUAGE CODE
Language code of text/sound track or separate title ITALIANO
999 ## - SYSTEM CONTROL NUMBERS (KOHA)
Koha Dewey Subclass [OBSOLETE] SI
100 ## - MAIN ENTRY--PERSONAL NAME
Personal name Wolf Mauro
100 ## - MAIN ENTRY--PERSONAL NAME
Miscellaneous information Codice Aut. SPICS: 422
245 ## - TITLE STATEMENT
Title Apparati delle comunicazioni di massa (Gli)
245 ## - TITLE STATEMENT
Remainder of title Apparati delle comunicazioni di Massa (Gli)
250 ## - EDITION STATEMENT
Edition statement 1a ed.
260 ## - PUBLICATION, DISTRIBUTION, ETC. (IMPRINT)
Place of publication, distribution, etc. FIRENZE
260 ## - PUBLICATION, DISTRIBUTION, ETC. (IMPRINT)
Name of publisher, distributor, etc. Guaraldi
260 ## - PUBLICATION, DISTRIBUTION, ETC. (IMPRINT)
Date of publication, distribution, etc. 1977 [1° Ed.:1977 - Ed.Ling.Originale:1977]
300 ## - PHYSICAL DESCRIPTION
Extent "168 p. (prefazione: no ; testo: 168)"
500 ## - GENERAL NOTE
General note Ricerca Italiana Sulle comunicazioni di Massa Bibliografia ragionata Sugli Studi Italiani in materia di Comunicazione di Massa tendenze Attuali della Ricerca Antologia di Autori vari Studi Sui Processi di Comunicazione di Massa Saggi e ricerche su Organizzazione Produzione strutture Emittenti Saggi su Comprensione Interpretazione Effetti della Comunicazione di Massa Saggi su contenuti e forme delle comunicazioni di Massa Stampa Cinema Televisione Divismo Pedagogia e Comunicazione di Massa
650 ## - SUBJECT ADDED ENTRY--TOPICAL TERM
Topical term or geographic name as entry element BIBLIOGRAFIA
650 ## - SUBJECT ADDED ENTRY--TOPICAL TERM
Relator term Codice materia Spics: 2001
942 ## - ADDED ENTRY ELEMENTS (KOHA)
Koha item type LIBRO
957 ## -
-- 1
999 ## - SYSTEM CONTROL NUMBERS (KOHA)
-- 1
Dati di copia
Withdrawn status Lost status Damaged status Not for loan Home library Current library Date acquired Total Checkouts Full call number Date last seen Price effective from Koha item type Public note
    Buone Condizioni Not For Loan SPICS-MEDIATECA SPICS-MEDIATECA 08/03/2013   677 08/03/2013 08/03/2013 LIBRO Progressivo inserimento: 553 / N. Volumi: 1 Copie: 1 Copia Rara: SI / data import: 1 marzo 2013 - By Epidotti, Trombetti, Vaglietti.
CREDITS: SOCIETA' SAN PAOLO Via A.Severo, 58 - ROMA (RM) & PERIODICI SAN PAOLO SRL Via Giotto, 36 MILANO & CISF Via Giotto, 36 MILANO & EDIZIONI SAN PAOLO SRL,  Piazza Soncino, 5 CINISELLO BALSAMO (MI) -- ITALY